| 000 | 00841nam a2200289Ia 4500 | ||
|---|---|---|---|
| 008 | 170203s9999 xx 000 0 und d | ||
| 020 | _a0 753405067 | ||
| 050 | _a0 30 | ||
| 050 | _bP1512i 1995 | ||
| 100 | _aPaker, Josephine. | ||
| 245 | _aFlutes have holes and other questions about music / | ||
| 245 | _cJosephine Paker. | ||
| 260 | _aDanbury, Connecticut : | ||
| 260 | _bGrolier, | ||
| 260 | _c2003 | ||
| 300 | _a32 pages : | ||
| 300 | _bcolor illustrations ; | ||
| 300 | _c29 cm. | ||
| 440 | _aI wonder why series. | ||
| 500 | _aOriginally published: London : Kingfisher, c1995. | ||
| 650 | _aChildren's questions and answers. | ||
| 650 | _aMusic -- | ||
| 650 | _aMusic -- Miscellanea -- | ||
| 650 | _xJuvenile literature. | ||
| 650 | _xMiscellanea. | ||
| 700 | _aI wonder why flutes have holes., Title. | ||
| 999 |
_c305727 _d305727 |
||